MARC

LEADER 00000nam0a2200000 4500
001 223197
005 20231031200151.0
010 |a 5020140872 
020 |a RU  |b 90-18075 
035 |a (RuTPU)RU\TPU\book\243435 
090 |a 223197 
100 |a 20121006d1990 m y0rusy5003 ca 
101 0 |a rus 
102 |a RU 
105 |a a z 000zy 
200 1 |a Судьба классического закона. Прошлое и настоящее закона Кулона  |f С. Р. Филонович 
210 |a Москва  |c Наука  |d 1990 
215 |a 238,[1] с.  |c ил. 
225 1 |a Библиотечка "Квант"  |v Вып. 79 
610 1 |a Кулона закон 
610 1 |a физика 
610 1 |a электрофизика 
610 1 |a электричество 
610 1 |a электрические заряды 
610 1 |a физические законы 
675 |a 537.21  |z rus 
686 |a 22.33  |2 rubbk 
700 1 |a Филонович  |b С. Р.  |g Сергей Ростиславович  |4 070 
801 0 |a RU  |b RuMRKP  |c 19950417  |g psbo 
801 1 |a RU  |b 63413507  |c 20121006 
801 2 |a RU  |b 63413507  |c 20121022  |g RCR 
942 |c BK